| 000 | 00438nam a22001817a 4500 | ||
|---|---|---|---|
| 003 | CEME | ||
| 005 | 20210628203605.0 | ||
| 008 | 210203b xxu||||| |||| 00| 0 eng d | ||
| 020 | _a969-35-0339-2 | ||
| 040 | _c. | ||
| 082 | _a891.4393 QUR | ||
| 100 |
_aQuratul Ain Haider _958904 |
||
| 245 | _aSheeshay kay ghar | ||
| 260 |
_aLAHORE _bSANG-E-MEEL _c1998 |
||
| 300 | _a328P | ||
| 650 |
_aURDU ADAB -AFSANAY _958964 |
||
| 942 |
_cBK _2ddc |
||
| 999 |
_c574402 _d574402 |
||